| 000 | 00380 a2200121 4500 | ||
|---|---|---|---|
| 001 | ART_7045 | ||
| 005 | 20260410161659.0 | ||
| 008 | 260409a | ||
| 245 | 1 | 0 | _aDeterminantes de la cartera irregular de los Bancos en Argentina |
| 100 | 1 | _aBebczuk, Ricardo | |
| 700 | 1 | _aSangiácomo, Máximo | |
| 773 | 0 |
_tEnsayos Económicos _g- Nº 51 (abr./sep. 2008) _wREV620 |
|
| 999 |
_c15041 _d15041 |
||